Statistics for Alternative Persons of the Year

Click here to take the quiz!

General Stats

  • This quiz has been taken 23 times
  • The average score is 14 of 25

Answer Stats

HintAnswer% Correct
American businessman who became the world's richest man, and whose SpaceX company led the first American-launched missions to the ISS since 2011Elon Musk
95%
Minnesota man who was murdered, setting off one of the largest string of civil rights protests in US historyGeorge {Floyd}
95%
UK Prime Minister whose country finally completed its divorce from the EUBoris Johnson
90%
American actor famous for his lead role in Black Panther who passed away in 2020Chadwick {Boseman}
90%
US President who ordered a strike on Iranian General Soleimani, was acquitted of his impeachment, and was criticized for his insufficient COVID responseDonald Trump
90%
Chinese head of state, who may or may not resemble Winnie the Pooh, and who was criticized for pressuring the WHO to keep some information about COVID under wrapsXi Jinping
90%
Centrist French President whose new pension plan was the subject of the Yellow Vest protests across FranceEmmanuel Macron
86%
Director of the US National Institute of Allergy and Infectious Diseases, leading figure on Trump's White House Coronavirus Task Force, and future Chief Medical Advisor for the Biden administrationAnthony Fauci
81%
Longtime president of the Liberal Democratic Party who was the longest-serving Prime Minister of Japan when he announced he would step down and allow the LDP to choose his successorShinzo Abe
81%
Beloved Canadian-American game show host who died of cancerAlex Trebek
71%
US Senate Majority Leader who gained a reputation for not holding votes on many pieces of legislationMitch McConnell
71%
Governor of New York who produced regular coronavirus briefings that many Americans turned to as a source of updates on the virusAndrew Cuomo
67%
New Zealand Prime Minister whose name was invoked at a US presidential debate by Marianne Williamson, and who later was celebrated for leading one of the world's best responses to the CoronavirusJacinda {Ardern}
48%
2018 Georgia Gubernatorial candidate who has championed an effort to expand voting rights, voter education, and participation in electionsStacey Abrams
48%
South Korean film director behind Snowpiercer, Okja, and Parasite, which became the first film not in English to win Best Picture{Bong} Joon-Ho
38%
Diners, Drive-Ins, and Dives personality with frosted tips who raised over 20 million dollars for restaurant workers who lost their jobs due to COVIDGuy Fieri
38%
Chinese opthalmologist who was deemed a "whistleblower" for being one of the first to publicly raise awareness of the outbreak of COVID. He was admonished by Wuhan police for this information leak, and died of COVID in February{Li} Wenliang
38%
Trio of Hong Kong activists who were jailed for their role in organizing pro-democracy protests in 2019Joshua {Wong}, Agnes {Chow}, and Ivan {Lam}
33%
President of Taiwan who was re-elected despite opposition from Beijing and the CCP, almost saw Taiwan made a member of the WHO, and presided over one of the world's best responses to COVID{Tsai} Ing-Wen
29%
British Army Officer who raised over 30 million pounds for COVID relief in celebration of his 100th birthdayCaptain Tom Moore
24%
Trio of women who founded Black Lives MatterAlicia {Garza}, Patrisse {Cullors}, Opal {Tometi}
14%
Hong Kong entrepreneur who is one of the largest contributors to the pro-democracy movement, and whose newspaper is the largest regular pro-democracy publication in Hong Kong. He was arrested in 2020 for what appeared to be political charges.Jimmy {Lai}
14%
Scientific lead of the Coronavirus team at the National Institute of Allergy and Infectious Diseases who partnered with Moderna to produce one of the first certified vaccinesKizzmekia "Kizzy" {Corbett}
14%
Belarusian pro-democracy leader who ran against Alexander Lukashenko on a platform of freeing political prisoners and establishing free and fair elections{Sviatlana} Tsikhanouskaya
14%
Husband-Wife team who started BioNTech, which worked with Pfizer to produce an mRNA-based COVID vaccineUgur {Sahin}, Ozlem {Tureci}
14%

Score Distribution

Percentile by Number Answered

Percent of People with Each Score

Your Score History

You have not taken this quiz